1803 1046 1265 1419 1640 1574 1318 1938 1730 1353 1733 1509 1663 1794 1043 1246 1329 1268 1687 1387 1543 1508 1820 1157 1967 1367 1215 1509 1698 1286 1508 1588 1826 1433 1544 1841 1781 1947 1793 1151 1616 1459 1395 1708 1269 1835 1527 1616 1277 1867 1869 1908 1054 1250 1960 1607 1920 1406 1033 1407 1108 1080 1663 1989 1744 1762 1561 1262 1524 1464 1914 1058 1136 1148 1579 1472 1797 1323 1248 1401 1166 1605 1833 1344 1380 1841 1879 1128 1363 1185 1832 1629 1209 1087 1263 1450 1651 1157 1923 BCNSPRNW ULIB Ver.6.0+V

เปลี่ยนเป็นภาษาไทย

Change to English
 แสดงรายละเอียดบรรณานุกรม
  กลับหน้าหลัก

Brief Record : Get Marc (ISO 2709) : E-mail record : QR code < ปิดหน้าต่าง
LEADER : 00000nam 2200000uu 4500
001    13399120863
003     ULIB
008    020711s2548 th a 000 0 tha d
050    BQ ส773ม
100    พระมหาจรรยา สุทธิญาโณ
245    พุทธวิถี
250    พิมพ์ครั้งที่ 1
260    เชียงใหม่ :^bม.ป.ท.,^c2548
945    ^p0^l0^i24364
999    ^aทศพร เกษรทอง
รายการนี้ยังไม่มีแท็ก
คุณยังไม่ได้ล็อกอิน คุณสามารถมีกิจกรรมร่วมกับเว็บไซต์ได้ แต่ต้องล็อกอินก่อน ::
  ล็อกอิน

รายการสื่อสารสนเทศ

ลำดับที่ ประเภท เลขเรียก/บาร์โค้ด สถานที่ สถานะ
1. วิทยาศาสตร์การแพทย์ และสุขภาพ
วิทยาศาสตร์การแพทย์ และสุขภาพ
BQ ส773ม  
  Barcode: 24364
ห้องสมุดวิทยาเขตสวรรค์ประชารักษ์
►หนังสือทั่วไป
บนชั้น

BibComment


ยังไม่เคยถูกคอมเมนท์

คอมเมนท์ทรัพยากรรายการนี้
  คอมเมนท์: พุทธวิถี


 Copyright 2026. Bcnsprnw @Library